000 01028cab a2200193 4500
001 ##L133517
008 060516n2006 000 0 eng u
035 _a(Sirsi) u133517
041 0 _aeng
100 1 _aBlackman, David
245 0 0 _aInternet leads retail futures
260 _c2006
490 0 _aPlanning (for the Natural and Built Environment)
_v(1666) 28 April 2006, 18(1)
520 _aConsiders the increasing impact of internet sales on high street retailing. Bigger retailers are developing online services alongside their retail outlets. Shops could increasingly become showrooms for customers to inspect the goods before buying them online. However many experts doubt that internet shopping will undermine demand for space in retail areas. Some however see the wave of massive city centre schemes as a greater threat to traditional shopping destinations than internet purchasing.
590 _aIKA230506
651 4 _aUnited Kingdom
_y
690 _aPROPERTY-COMMERCIAL PROPERTY-RETAIL PROPERTY
942 _n0
999 _c77054
_d77054